Efektívne zdaňovanie spoločností (EÚ versus národné špecifiká)

Spoločný základ dane v Európskej únii. Zdaňovanie spoločností vo Veľkej Británii. Daň z príjmov právnickej osoby v Slovenskej republike.

Uložené v:
Podrobná bibliografia
Hlavný autor: Kušnírová, Jana, 1977-
Médium: Kapitola
Jazyk:Slovak
Predmet:
Tagy: Pridať tag
Žiadne tagy, Buďte prvý, kto otaguje tento záznam!

MARC

LEADER 00000nla a2200000 4500
001 0164788
005 20240502072857.6
041 0 |a slo 
044 |a SK 
245 1 0 |a Efektívne zdaňovanie spoločností (EÚ versus národné špecifiká)  |c Jana Kušnírová 
520 |a Spoločný základ dane v Európskej únii. Zdaňovanie spoločností vo Veľkej Británii. Daň z príjmov právnickej osoby v Slovenskej republike. 
610 2 0 |a dane z príjmov 
610 2 0 |a zdaňovanie 
610 2 0 |a spoločnosti 
610 2 0 |a základ dane 
610 2 0 |a osoby právnické 
610 2 0 |a Veľká Británia 
610 2 0 |a Slovensko 
610 2 0 |a Európska únia 
100 1 |a Kušnírová, Jana, 1977-